| 000 | 00374nam a2200121Ia 4500 | ||
|---|---|---|---|
| 008 | 220204s9999 xx 000 0 und d | ||
| 082 |
_a31(048)(540) _bIND |
||
| 245 | 0 | _aStatistical abstract India 2000 | |
| 260 |
_aNew Delhi _bCentral Statistical Organization(Ministry o |
||
| 490 | _af Statistics & Programme Implementation, Govt of India | ||
| 650 | _ac2001 | ||
| 942 | _cBK | ||
| 999 |
_c44004 _d44004 |
||